000 05279cam a22004338i 4500
001 22069894
005 20220721105738.0
006 m |o d |
007 cr_|||||||||||
008 210602s2021 enk ob 001 0 eng
010 _a 2021026871
020 _a9781108907293
_q(ebook)
020 _z9781108830379
_q(hardback)
020 _z9781108820721
_q(paperback)
040 _aDLC
_beng
_cDLC
_erda
042 _apcc
050 0 0 _aK1329.5
082 0 0 _a346.0664
_bCAM
245 0 4 _aThe Cambridge companion to business & human rights law /
_cedited by Ilias Bantekas, Hamad Bin Khalifa University, Qatar; Michael Ashley Stein, Harvard Law School, Massachusetts.
263 _a2111
264 1 _aCambridge, United Kingdom ;
_aNew York, NY :
_bCambridge University Press,
_c2021.
300 _a1 online resource
336 _atext
_btxt
_2rdacontent
337 _acomputer
_bc
_2rdamedia
338 _aonline resource
_bcr
_2rdacarrier
490 0 _aCambridge companions to law
504 _aIncludes bibliographical references and index.
505 0 _aBusiness and human rights : foundations and linkages / Ilias Bantekas -- Reconciling international human rights with international trade / Francesco Seatzu -- Neo-liberalism, state-capitalism and European ordo-liberalism : why power politics and 'constitutional failures' undermine economic law and human rights / Ernst-Ulrich Petersmann -- Corporate governance and corporate social responsibility / John Paterson -- The role of business in international development and the attainment of the sustainable development goals / Katerina Akestoridi -- The business case for human rights - irrelevant or indispensable? / Dorothee Baumann-Pauly and Lilach Trabelsi -- The UN guiding principles on business and human rights and its predecessors : progress at a snail's pace? / Surya Deva -- The regulatory framework of multinational enterprises / Peter Muchlinski -- The UN global compact and the OECD guidelines on multinational enterprises and their enforcement mechanisms / Andreas Rasche -- Taxation and business : the human rights dimension of corporate tax practices / Reuven Avi-Yonah -- Corporate accountability for the natural environment and climate change / Damilola S. Olawuyi -- Corporate accountability for corruption and the business case for transparency / Philip M Nichols -- Disability, business and human rights / Michael Ashley Stein -- Gender, business and human rights / Jessica Lynn Corsi -- The business sector and the rights to work and just and favourable conditions of work / Marija Jovanovic -- Responsible lending : export credit agencies as drivers of human rights / Aline Darbellay -- Business and human rights approaches to intellectual property / Molly Land and Lea Nesselhauf -- The role of human rights in investment law and arbitration : state obligations, corporate responsibility, and community empowerment / Silvia Steininger -- The use of international arbitration tribunals for business and human rights disputes / Judith Levine and Sarah Castles -- Innovative contractual remedies with indigenous peoples / Kinnari Bhatt -- The role of ethics in corporate human rights impact assessments / Ilias Bantekas -- Addressing human rights impacts in sustainability reporting / Chiara Ferracioli and Julian Parkhomenko -- Leveraging the consumer-led movement to strengthen sustainable business : opportunities, limitations and the role of companies to empower consumers / Anna Triponel -- The structural complexity of multinational corporations and the effect on managing human rights risks in the supply chain / Tam Nguyen -- Towards a UN business and human rights treaty / Ilias Bantekas.
520 _a"Where does one situate business and human rights? From the perspective of law alone, business falls within the general sphere of private law, further broken down into discrete sub-spheres, particularly corporate law and commercial law. The human rights component is situated in constitutional and international law. Prima facie, 'business' and 'human rights' fall into distinct spheres of regulation and differ in their primary sources. If law were simply approached from a compartmentalized perspective, business would be of no relevance to human rights and vice versa. This, however, is artificial and is antithetical to holistic approaches to problem solving, not to mention the inter-connectivity of law.1 It is unfortunate that in simplifying the study of law through the creation of sub-disciplines, the emergence of sub-discipline expertise (e.g. labor law) has magnified the differences between them"-- ECIP Introduction.
588 _aDescription based on print version record and CIP data provided by publisher; resource not viewed.
650 0 _aSocial responsibility of business
_xLaw and legislation.
_994144
650 0 _aHuman rights.
700 1 _aBantekas, Ilias,
_eauthor.
_994286
700 1 _aStein, Michael Ashley,
_eauthor.
_994287
776 0 8 _iPrint version:
_tCambridge companion to business & human rights law
_dCambridge, United Kingdom ; New York, NY : Cambridge University Press, 2021
_z9781108830379
_w(DLC) 2021026870
906 _a7
_bcbc
_corignew
_d1
_eecip
_f20
_gy-gencatlg
942 _2ddc
_cBK
999 _c590449
_d590449